| 000 | 01288nam a2200241 a 4500 | ||
|---|---|---|---|
| 001 | 000014991 | ||
| 005 | 20200929163932.0 | ||
| 008 | 100128s2006 dr ac 001 0 spa d | ||
| 020 | _a9945160540 | ||
| 040 |
_aDO-SdBNP _bspa _cBNPHU |
||
| 082 |
_a972.93054 _bC355t |
||
| 100 | 1 |
_aCastro Calcagno, Salvador E., _d1932- _933933 |
|
| 245 | 1 | 0 |
_aTres temas militares de la historia contemporánea dominicana / _cSalvador E. Castro Calcagno. |
| 260 |
_aSanto Domingo : _bBúho, _c2006. |
||
| 300 |
_a51 p. : _bil. ; retrs. |
||
| 500 | _aIncluye datos biográficos del autor en la solapa de la cubierta. | ||
| 505 | 0 |
_tLa Fragata Gregorio Luperón, y su tripulación en la Guerra de Abril de 1965 -- _tEl cuerpo de comandos de hombres ranas M. de G., testimonios de su participación en la Guerra de Abril de 1965 -- _tLas glorias seculares de las Fuerzas Armadas Dominicanas -- _tReflexiones finales -- _tLas nueve invasiones haitianas desde 1801-1865 -- _tLas batallas en las nueve invasiones. |
|
| 651 | 4 |
_aRepública Dominicana _xHistoria Militar _xEnsayos, Conferencias, Etc. _933934 |
|
| 651 | 4 |
_aRepública Dominicana _xHistoria _yREVOLUCIÓN, 1965 _92167 |
|
| 651 | 4 |
_aRepública Dominicana _xFuerzas Armadas _xHistoria _910930 |
|
| 910 | _aValidado. Control de calidad EMS | ||
| 049 | _aBNPD | ||
| 999 |
_c14564 _d14564 |
||